Normal view
MARC view
- Customs administration
Entry Topical Term
001 - CONTROL NUMBER
- control field: 5006
003 - CONTROL NUMBER IDENTIFIER
- control field: OSt
005 - DATE AND TIME OF LATEST TRANSACTION
- control field: 20170516121040.0
008 - FIXED-LENGTH DATA ELEMENTS
- fixed length control field: 170516|| aca||aabn | a|a d
040 ## - CATALOGING SOURCE
- Original cataloging agency: OSt
- Transcribing agency: OSt
150 ## - HEADING--TOPICAL TERM
- Topical term or geographic name entry element: Customs administration
- Form subdivision: Guidebooks
- Geographic subdivision: Sri Lanka
670 ## - SOURCE DATA FOUND
- Source citation: Work cat.: (OSt): Sri Lanka, Sri Lanka Customs Department 5004, Sri Lanka Customs Tariff Guide [imports & exports] :, 1996

PORTAL AKMAL
E-MEL JKDM
AKMAL2U
G-BAM
u-PUSTAKA